000
00206nam a22000857a 4500
008
160718b xxu||||| |||| 00| 0 eng d
100
_9
3017
_a
Lal, A
245
_a
Indian Theatre
260
_a
London
_b
Oxford
_c
2004
999
_c
2580
_d
2580